| 000 | 00369nam a2200133Ia 4500 | ||
|---|---|---|---|
| 005 | 20260328101531.0 | ||
| 008 | 260328s9999||||xx |||||||||||||| ||und|| | ||
| 100 | _aLópez de Asiaín, Jaime | ||
| 245 | 0 |
_aEspacios Abiertos en la EXPO'92 / _cJaime López de Asiaín |
|
| 260 | _bEngondi Artes Graficas | ||
| 300 | _a134 p. | ||
| 650 | _aARQUITECTURA CIVIL | ||
| 942 | _cBK | ||
| 999 |
_c10002 _d10002 |
||